Statystyki dla Polski - RAP/HIP-HOP - Quiz 2019/2020

Kliknij tutaj aby rozwiązać quiz!

Ogólne statystyki

  • Ten quiz został rozwiązany 394 razy
  • Średni wynik to 9 z 15

Statystyki odpowiedzi

PiosenkaWykonawca/Wykonawcy% Poprawnych
"Patointeligencja"Mata
96%
"ROMANTICPSYCHO"quebonafide
88%
"Wschód (lubie zapierdalać)"Bedoes
87%
"rower (joint lover)"chillwagon
79%
"Gubię kroki"White 2115
76%
"NICKI"Trill Pem, Wac Toja
72%
"Jungle Boyz"Malik Montana
71%
"Co Cię trapi"Borixon, ReTo
59%
"Miasto 24H"Kizo
57%
"Ecstasy"Tymek, Wac Toja
54%
"Czarne bluzy"PlanBe, Tymek
51%
"Szrot"Żabson, Monkey
46%
"Każdy Nowy Dzień"Young Igi
36%
"Chemia"BLACHA
35%
"Przebój nocy"PRO8L3M
32%

Rozkład punktacji

Percentyl według liczby udzielonych odpowiedzi

Procent ludzi z każdym wynikiem

Twoja historia wyników

Nie rozwiązałeś tego quizu